| 000 | 00533nam a22001817a 4500 | ||
|---|---|---|---|
| 999 |
_c16527 _d16527 |
||
| 003 | OSt | ||
| 005 | 20171003161916.0 | ||
| 008 | 171003b xxu||||| |||| 00| 0 eng d | ||
| 020 | _a9789966344083 | ||
| 040 |
_aKABU _cKABU |
||
| 050 |
_aPL8704 _b.R63A35 2013 |
||
| 100 | _aRobert, Shaaban | ||
| 245 |
_aAdili na nduguze _cKimeandikwa na Shaaban Robert; picha zimechorwa na R.E. Bush |
||
| 260 |
_aNairobi _bMoran _c2013 |
||
| 300 | _av, 76 p. | ||
| 700 | _aBush, R.E. | ||
| 942 |
_2lcc _cBK _hPL8704 _i.R63A35 2013 |
||